Electricidad y magnetismo / Raymond A. Serway (Registro nro. 19406)

Detalles MARC
000 -LÍDER
fixed length control field 00438nam a2200157 4500
008 - ELEMENTOS DE LONGITUD FIJA -- INFORMACIÓN GENERAL
fixed length control field 0 1999 0a 000 0MEX
020 ## - NÚMERO INTERNACIONAL NORMALIZADO PARA LIBROS
ISBN 970-10-2563-6
050 ## - SIGNATURA TOPOGRAFICA DE LA BIBLIOTECA DEL CONGRESO (LC)
Número de Clasificación QC532 S4718 1999
082 ## - NUMERO DE CLASIFICACION DECIMAL DEWEY
Número de Clasificación 537 S767e
100 ## - ASIENTO PRINCIPAL--NOMBRE PERSONAL
Nombre personal Serway, Raymond A.
245 ## - TÍTULO
Título Electricidad y magnetismo / Raymond A. Serway
250 ## - MENCIÓN DE EDICIÓN
Mención de edición 4
260 ## - PUBLICACIÓN, DISTRIBUCIÓN, ETC. (PIE DE IMPRENTA)
Lugar de publicación, distribución, etc. México : McGraw Hill
300 ## - DESCRIPCIÓN FÍSICA
Extensión xxix, 389 p. / 28 cm.
650 ## - ASIENTO SECUNDARIO DE MATERIA - TERMINO TEMÁTICO
Término temático o nombre geográfico como elemento de entrada 1.ELECTRICIDAD Y MAGNETISMO
Existencias
No. biblioteca No. biblioteca Número de clasificación Código de barras/Número de adquisición Número de copia Tipo de material
LUIS G. INCLAN LUIS G. INCLAN 537 S767e 27681 26 Libros
LUIS G. INCLAN LUIS G. INCLAN 537 S767e 28173 66 Libros
LUIS G. INCLAN LUIS G. INCLAN 537 S767e 47231 27 Libros
LUIS G. INCLAN LUIS G. INCLAN 537 S767e 34301 1 Libros
LUIS G. INCLAN LUIS G. INCLAN 537 S767e 34302 2 Libros
Calzada Tecnológico # 27, Zacatepec, Morelos.
01(734) 343-07-23 / 343-21-10 / 343-21-11
Apdo. Postal 45 C.P 62780